000 01004nam a2200253Ia 4500
003 GCL
008 140319s9999 xx 000 0 ara d
020 _a1251009957
040 _aGCL /
_cGCL
082 0 4 _a658.022
_bف إ
100 1 _aفلاح حسن الحسينى
245 1 0 _aادارة المشروعات الصغيرة :
_bمدخل استراتيجى للمنافسة والتميز /
_cفلاح حسن الحسينى
250 _aالاولى
260 _aالاردن :
_bدار الشروق ،
_c2006
300 _a335 ص ؛
_c24 سم
650 0 4 _aدراسة الجدوى
650 0 4 _aالمشروعات الصغيرة
650 0 4 _aالتجارة الالكترونية
650 0 4 _aالمشروعات الصغيرة - تنظيم وادارة
650 0 4 _aالمشروعات الصغيرة - تقييم
650 0 4 _aالمشروعات الصغيرة - ضبط التكاليف
650 0 4 _aدراسة الجدوى - المشروعات الصغيرة
942 _2ddc
_cBK
999 _c51879
_d51879